00843 2200289 4500001002100000005001500021035002000036007000300056008004100059020002200100082001100122084001700133100003400150245016000184250001100344260003200355300002800387650002200415700002000437520003000457990001100487990001100498990001100509990001100520990001100531990001100542INLIS00000000000215420180730091424 a0010-0718000106ta180730 g 0 ind  a978-979-1286-13-8 a297.67 a297.67 ALI m0 aAL-IMAM, al-Qadhi Ibnul Arabi1 aMeluruskan Sejarah Menguak Takbir Fitnah :bSejak Rasulullah SAW Wafat Hingga Masa Bani Umayyah /cAl-Imam al-Qadhi Ibnul Arabi; penerjemah, Izzudin Karimi acet. 5 aJakarta :bDarul Haq,c2016 alvi, 409 hlm. ;c24 cm. aISLAM.PEMBAHARUAN0 aIZZUDIN, Karimi abibliografi: hlm. 407-409 a16538a a16538b a16538b a16538a a16538a a16538b